Artificial Intelligence (Record no. 90)
[ view plain ]
| 000 -LEADER | |
|---|---|
| fixed length control field | 00394nam a2200181Ia 4500 |
| 008 - FIXED-LENGTH DATA ELEMENTS--GENERAL INFORMATION | |
| fixed length control field | 221030s9999 xx 000 0 und d |
| 020 ## - INTERNATIONAL STANDARD BOOK NUMBER | |
| ISBN | 0074600818 |
| 041 ## - LANGUAGE CODE | |
| Language code of text/sound track or separate title | |
| 082 ## - DEWEY DECIMAL CLASSIFICATION NUMBER | |
| Classification number | 105.23 |
| Item number | Rich |
| 100 ## - MAIN ENTRY--AUTHOR NAME | |
| Personal name | E. Rich |
| 245 #0 - TITLE STATEMENT | |
| Title | Artificial Intelligence |
| 250 ## - EDITION STATEMENT | |
| Edition statement | 2nd |
| 260 ## - PUBLICATION, DISTRIBUTION, ETC. (IMPRINT) | |
| Name of publisher | TMH |
| Place of publication | New Delhi |
| Year of publication | 2006 |
| 300 ## - PHYSICAL DESCRIPTION | |
| Number of Pages | 621 |
| 650 ## - SUBJECT ADDED ENTRY--TOPICAL TERM | |
| Topical Term | Computers |
| 700 ## - ADDED ENTRY--PERSONAL NAME | |
| Personal name | K. Knight |
| 942 ## - ADDED ENTRY ELEMENTS (KOHA) | |
| Koha item type | Books |
| Accession Number | Cost, normal purchase price | Full call number | Price effective from | Koha item type | Withdrawn / writtenoff status | Materials specified (bound volume or other part) | Damaged status | Not for loan | Permanent Location | Current Location | Shelving location | Date acquired | Lost/ Missing status | department | Source of acquisition |
|---|---|---|---|---|---|---|---|---|---|---|---|---|---|---|---|
| M 771 | 250.00 | 105.23 Rich | 10/30/2022 | Books | MIET Library, Jammu | MIET Library, Jammu | BL-Academic Block- B, FL-2, CUP-152, SH-3, R-3 | 08/22/2006 | MCA | ||||||
| M 1147 | 250.00 | 105.23 Ela | 10/30/2022 | Books | MIET Library, Jammu | MIET Library, Jammu | BL-Second, FL-1, CUP-152, SH-3, R-3 | 11/09/2006 | MCA | ||||||
| M 770 | 250.00 | 105.23 Ric | 10/30/2022 | Books | MIET Library, Jammu | MIET Library, Jammu | BL-Academic Block- B, FL-2, CUP-125, SH-3, R-3 | 08/22/2006 | MCA | ||||||
| M 772 | 250.00 | 105.23 Ric | 10/30/2022 | Books | MIET Library, Jammu | MIET Library, Jammu | BL-Second, FL-1, CUP-152, SH-3, R-3 | 08/22/2006 | MCA | ||||||
| M 773 | 250.00 | 105.23 Ric | 10/30/2022 | Books | MIET Library, Jammu | MIET Library, Jammu | BL-Academic Block- B, FL-21, CUP-152, SH-3, R-3 | 08/22/2006 | MCA | ||||||
| M 774 | 250.00 | 105.23 Ric | 10/30/2022 | Books | MIET Library, Jammu | MIET Library, Jammu | BL-Academic Block- B, FL-2, CUP-152, SH-3, R-3 | 08/22/2006 | MCA | ||||||
| M 1402 | 250.00 | 105.23 Ric | 10/30/2022 | Books | MIET Library, Jammu | MIET Library, Jammu | BL-Second, FL-1, CUP-94, SH-2, R-2 | 11/28/2006 | MCA | ||||||
| M 1403 | 250.00 | 105.23 Ric | 10/30/2022 | Books | MIET Library, Jammu | MIET Library, Jammu | BL-Second, FL-1, CUP-94, SH-2, R-2 | 11/28/2006 | MCA | ||||||
| BE 8955 | 250.00 | 105.23 Ric | 10/30/2022 | Books | MIET Library, Jammu | MIET Library, Jammu | BL-Academic Block C, FL-2, CUP-164, SH-3, R-3 | 12/01/2006 | BE | ||||||
| BE 8956 | 250.00 | 105.23 Ric | 10/30/2022 | Books | MIET Library, Jammu | MIET Library, Jammu | BL-Academic Block C, FL-2, CUP-164, SH-3, R-3 | 12/01/2006 | BE | ||||||
| BE 8957 | 250.00 | 105.23 Ric | 10/30/2022 | Books | MIET Library, Jammu | MIET Library, Jammu | BL-Academic Block C, FL-2, CUP-164, SH-3, R-3 | 12/01/2006 | BE | ||||||
| BB 930 | 225.00 | 10/30/2022 | Books | MIET Library, Jammu | MIET Library, Jammu | BL-Academic Block B, FL-2, CUP-104, SH-1, R-1 | 05/20/2019 | BB | Donated by Mr. Avinash ( Ex Student CSE - 2004 ) |